On This Day: August 9th Quiz Stats

 Plays Quiz Updated Aug 9, 2017

Support Sporcle.
Go Orange.
Score 0/7 Timer 03:00
0 Plays Today
Question Answer Wrong Answers
This cartoon character, a caricature of a Jazz Age flapper, makes her debut in ‘Dizzy Dishes’.
1930
Betty Boop
86.1%
Jessica Rabbit
4.2%
Minnie Mouse
4.3%
Olive Oyl
3.8%
This man becomes President of the United States following the resignation of Richard Nixon.
1974
Gerald Ford
78.7%
Jimmy Carter
6.5%
Ronald Reagan
2.9%
Lyndon B. Johnson
8.1%
The United States Forest Service and the Wartime Advertising Council release posters featuring this mascot for the first time.
1944
Smokey Bear
74.1%
McGruff the Crime Dog
1.2%
Uncle Sam
19.3%
Woodsy Owl
2.7%
This American football and baseball player, nicknamed Prime Time, is born.
1967
Deion Sanders
57.6%
Bo Jackson
19.3%
Barry Sanders
13.1%
Michael Irvin
6.3%
This man, the eldest son of Queen Victoria, is crowned King of the United Kingdom of Great Britain and Ireland.
1902
Edward VII
52.6%
George V
34.4%
William IV
4.3%
Charles II
7.9%
______ is expelled from Malaysia, gaining their independence unwillingly.
1965
Singapore
45.9%
Brunei
20%
Timor-Leste
15.3%
Indonesia
15.6%
The Webster–Ashburton Treaty is signed, establishing the United States–Canada border east of the ______.
1842
Rocky Mountains
43.5%
Mississippi River
32.4%
Erie Canal
19.4%
Superior National Forest
4.6%

You're not logged in!

Compare scores with friends on all Sporcle quizzes.
OR
Log In
Forgot?

From the Vault

Avada Kedavra Logic Puzzle

by lizbsn

According to the founders of Hogwarts, there are 4 types of kid: Smart, Brave, Evil, and Other.
Remove Ads.
Support Sporcle.
Get the best of Sporcle when you Go Orange. This ad-free experience offers more features, more stats, and more fun while also helping to support Sporcle. Thank you for becoming a member.

Show Comments

Extras

Top Quizzes Today


Score Distribution

Your Account Isn't Verified!

In order to create a playlist on Sporcle, you need to verify the email address you used during registration. Go to your Sporcle Settings to finish the process.

Report this User

Report this user for behavior that violates our Community Guidelines.

Details: